Gestión de la responsabilidad social empresaria : visión, misión, estrategia y políticas de la empresa /
Guardado en:
| Autor Principal: | |
|---|---|
| Formato: | Libro |
| Idioma: | Spanish |
| Publicado: |
Buenos Aires :
Osmar D. Buyatti,
2011.
|
| Edición: | 2a. ed. |
| Materias: | |
| Etiquetas: |
Agregar Etiqueta
Sin Etiquetas, Sea el primero en etiquetar este registro!
|
| LEADER | 00791nam a22002055a 4500 | ||
|---|---|---|---|
| 001 | EAD.ead003293 | ||
| 008 | 121005s2011####ag#######b####000#0#spa#d | ||
| 005 | 20170220134050.0 | ||
| 245 | 1 | 0 | |a Gestión de la responsabilidad social empresaria : |b visión, misión, estrategia y políticas de la empresa / |c Jorge Roberto Volpentesta. |
| 250 | |a 2a. ed. | ||
| 260 | |a Buenos Aires : |b Osmar D. Buyatti, |c 2011. | ||
| 300 | |a 277 p. ; |c 22 cm. | ||
| 504 | |a Incluye referencias bibliográficas (p. 269-277). | ||
| 020 | |a 9789871577576 | ||
| 100 | 1 | |a Volpentesta, Jorge Roberto. | |
| 082 | 0 | 4 | |a 658.408 |2 21 |
| 650 | 7 | |a Responsabilidad social de la empresa. |2 unbist | |
| 650 | 7 | |a Grupos de interés. |2 isoc | |
| 653 | |a Stakeholders | ||
| 859 | |a AR-BaBDC |b BIB. ADMINISTRACION GABCOOP - Libros |h 658.408 |i V888a2 |p g01315 | ||
